Aprender filosofía es aprender a razonar
Gespeichert in:
| Hauptverfasser: | , |
|---|---|
| Format: | Buch |
| Sprache: | Spanisch |
| Veröffentlicht: |
Bilbao
Ega
1994
|
| Schriftenreihe: | Didaktiké
|
| Schlagworte: | |
| Tags: |
Tag hinzufügen
Keine Tags, Fügen Sie den ersten Tag hinzu!
|
MARC
| LEADER | 00000nam a2200000 a 4500 | ||
|---|---|---|---|
| 001 | UCR6172 | ||
| 003 | CL-VaPUC | ||
| 008 | 980420e19940000SP |||||||||||||||||spa|d | ||
| 082 | 0 | 4 | |a 107 |b BOL |2 21 |
| 100 | 0 | |a Boldú, Joan |e author |9 407361 | |
| 700 | 0 | |a Bria, Llátzer |e author |9 407362 | |
| 245 | 1 | 0 | |a Aprender filosofía es aprender a razonar |
| 300 | |a 96 p | ||
| 942 | |c BK | ||
| 945 | |d 19980420 00:00:00 |a rbrito | ||
| 260 | |a Bilbao |b Ega |c 1994 | ||
| 650 | 0 | |a Enseñanza de la filosofía |9 256848 | |
| 650 | 0 | |a Pensamiento |9 307612 | |
| 650 | 0 | |a Dialéctica |9 257902 | |
| 650 | 0 | |a Lógica |9 256849 | |
| 650 | 0 | |a Psicoanálisis |9 265702 | |
| 650 | 0 | |a Razonamiento |9 256520 | |
| 583 | |a last modification |c 19980420 00:00:00 |k Rodrigo Vera | ||
| 490 | 0 | |a Didaktiké | |
| 999 | |c 268474 |d 268472 | ||
| 952 | |0 0 |1 0 |4 0 |6 107_000000000000000_BOL_1994 |7 0 |8 A |9 301637 |a BIBEDU |b BIBEDU |d 2019-11-20 |i 3418421 |l 4 |m 2 |o 107 BOL 1994 |p 3418421 |q 2024-08-02 |r 2024-07-03 |s 2024-07-03 |w 2019-11-20 |y BK |k BME | ||